000 00704nmm a2200265 a 4500
003 AR-BaBNM
005 20251128210537.0
008 069019s1996 ||||||||||||||000 | spa||
020 _a84-8198-135-4
040 _cAR-BaBNM
100 1 _aMonreal, Pilar
245 1 0 _aAntropología y pobreza urbana
260 _aMadrid
_bLos libros de la catarata
_c1996
300 _a125 p.
500 _aContiene referencias bibliográficas
650 4 _aDOCTRINAS POLITICAS
650 4 _aRESPONSABILIDAD DEL ESTADO
650 4 _aPOBREZA
650 4 _aCULTURA DE LA POBREZA
650 4 _aMARGINALIDAD SOCIAL
650 4 _aANTROPOLOGIA
650 4 _aESCUELA DE CHICAGO
942 _cBK
998 _calex
999 _c15878
_d15878